| Record ID | ia:chomskyeffectrad0000bars |
| Source | Internet Archive |
| Download MARC XML | https://archive.org/download/chomskyeffectrad0000bars/chomskyeffectrad0000bars_marc.xml |
| Download MARC binary | https://www.archive.org/download/chomskyeffectrad0000bars/chomskyeffectrad0000bars_meta.mrc |
LEADER: 02670cam a2200529 a 4500
001 |a79001755
003 OCoLC
005 20151005061333.0
008 070112s2007 maua b 001 0 eng
010 $a2007000654
015 $aGBA749039$2bnb
016 7 $a013778442$2Uk
020 $a9780262026246 (hardcover : alk. paper)
020 $a0262026244 (hardcover : alk. paper)
035 $a(OCoLC)79001755
040 $aDLC$cDLC$dBTCTA$dBAKER$dUKM$dC#P$dYDXCP$dSFR$dUtOrBLW
049 $aSFRA
050 00 $aJC574$b.B374 2007
082 00 $a320.51/2$222
092 $a320.512$bB28c
100 1 $aBarsky, Robert F.
245 14 $aThe Chomsky effect :$ba radical works beyond the ivory tower /$cRobert F. Barsky.
260 $aCambridge, Mass. :$bMIT Press,$cc2007.
300 $axviii, 381 p. :$bill. ;$c24 cm
336 $atext$btxt$2rdacontent
337 $aunmediated$bn$2rdamedia
338 $avolume$bnc$2rdacarrier
504 $aIncludes bibliographical references (p. [351]-367) and index.
505 0 $aPreface -- Dissent -- The Chomsky effect within and beyond the ivory tower -- Resisting and reviling the Chomsky effect -- Effective precursors: anarchists, cartesians, liberals and the radical left -- Milieus -- Just effects: Chomsky on law, ethics and human rights -- Effective teaching: from catalyst to institute professor -- Obfuscating the Chomsky effect: media, propaganda, and postmodern language studies -- Literature, humor, and the effects of creative discourses -- The effective "public" intellectual.
600 10 $aChomsky, Noam$xInfluence.
600 10 $aChomsky, Noam$xCriticism and interpretation.
650 0 $aLiberalism.
650 0 $aAnarchism.
650 0 $aPolitical science$xPhilosophy.
856 41 $3Table of contents$uhttp://www.loc.gov/catdir/toc/ecip078/2007000654.html
907 $a.b21123391$b02-11-16$c10-17-07
998 $axgi$b12-03-07$cm$da $e-$feng$gmau$h4$i0
907 $a.b21123391$b10-22-14$c10-17-07
938 $aBaker & Taylor$bBKTY$c29.95$d22.46$i0262026244$n0007222130$sactive
938 $aBaker and Taylor$bBTCP$nBK0007222130
938 $aYBP Library Services$bYANK$n2550361
980 $a1207 nb
998 $axgi$b12-03-07$cm$da$e-$feng$gmau$h4$i0
994 $aC0$bSFR
999 $yMARS
945 $a320.512$bB28c$d - - $e09-14-2018 12:14$f0$g0$h09-16-18$i31223075306911$j503$0503$k - - $lxgici$nGIC Inventory 2016$o-$p$29.95$q-$r-$s- $t0$u8$v6$w1$x0$y.i49700558$z01-14-08
945 $a320.512$bB28c$d - - $e05-09-2016 15:05$f0$g0$h05-26-16$i31223075306903$j503$0503$k - - $lxgici$nGIC Inventory 2016$o-$p$29.95$q-$r-$s- $t0$u8$v12$w0$x0$y.i4970056x$z01-14-08